O sentido do belo no século XII e outros estudos (Registo nº 21295)
[ vista simples ]
| 000 -Etiqueta do registo | |
|---|---|
| Valores | 00943nam a22002411i 4500 |
| 090 ## - | |
| -- | 21295 |
| 010 ## - Número ISBN | |
| ISBN | 9789722714655 |
| 100 ## - Dados gerais de processamento | |
| Dados gerais | 20170304u u u0frey50 ba |
| 101 0# - Língua de publicação | |
| -- | por |
| 200 1# - Titulo e menção de responsabilidade | |
| Primeira menção de responsabilidade | José Acácio Aguiar de Castro |
| Título próprio | O sentido do belo no século XII e outros estudos |
| 215 ## - Descrição física | |
| Paginação / Volumes | 181, [3] p. |
| Dimensões | 24 cm |
| 210 ## - Publicação | |
| Nome do editor | Imprensa Nacional-Casa da Moeda |
| Local de publicação | Lisboa |
| Data de publicação | imp. 2006 |
| 225 2# - Colecção | |
| Título próprio da colecção | Estudos gerais |
| 225 2# - Colecção | |
| Nome de parte ou secção | Série universitária |
| 300 ## - Notas gerais | |
| Texto da nota | Oferta de Imprensa Nacional - Casa da Moeda |
| 410 #0 - | |
| -- | Estudos gerais |
| 411 #0 - | |
| -- | Série universitária |
| 700 #1 - Autor principal (pessoa individual) | |
| Apelido | Castro |
| Nome | José Acácio Aguiar de |
| -- | 070 |
| 996 ## - ISO2709 | |
| -- | 0030532 |
| -- | CAS |
| -- | 00000000 |
| -- | 00000000 |
| -- | BMVA |
| -- | 1 |
| -- | Viana do Alentejo |
| -- | Filosofia |
| -- | 24 |
| -- | Livro |
| -- | 0 |
| -- | 1 |
| 996 ## - ISO2709 | |
| -- | 0031043 |
| -- | CAS |
| -- | 00000000 |
| -- | 00000000 |
| -- | BMVA |
| -- | 1 |
| -- | Alcáçovas |
| -- | Filosofia |
| -- | 24 |
| -- | Livro |
| -- | 0 |
| -- | 1 |
| 996 ## - ISO2709 | |
| -- | 0033439 |
| -- | CAS |
| -- | 00000000 |
| -- | 00000000 |
| -- | BMVAAG |
| -- | 4 |
| -- | Aguiar |
| -- | Filosofia |
| -- | 24 |
| -- | Livro |
| -- | 0 |
| -- | 1 |
| 990 ## - Elementos KOHA | |
| Tipo de documento | Livro |
| Situação do levantamento | Estado | Biblioteca de origem | Biblioteca de empréstimo | Código de barras | Cota | Permissão de empréstimo | Tipo de documento | Localização na Estante | Nota relativa ao exemplar |
|---|---|---|---|---|---|---|---|---|---|
| Completo | Biblioteca Municipal de Viana Do Alentejo | Biblioteca Municipal de Viana Do Alentejo | 0026405 | 11 CAS | Disponível | Livro | |||
| Completo | Biblioteca Municipal de Viana Do Alentejo | Biblioteca Municipal de Viana Do Alentejo | 0026865 | 11 CAS | Disponível | Livro | Depósito | cx 422 | |
| Completo | Biblioteca Municipal de Viana Do Alentejo | Biblioteca Municipal de Viana Do Alentejo Pólo Aguiar | 0028906 | 11 CAS | Disponível | Livro |